La evolución del universo II.

Guardado en:
Formato: Deslizar
Series:Taller de ciencias
Materias:
Etiquetas: Agregar Etiqueta
Sin Etiquetas, Sea el primero en etiquetar este registro!
LEADER 01100ngm a22003135g 4500
001 CEM.cems021994
008 130507b1993##################0###0#####d
005 20240924161217.0
245 0 0 |a La evolución del universo II. 
300 |a 26'. 
490 0 |a Taller de ciencias 
500 |a En soporte VHS, consultar en ventanilla. 
505 0 |a Calendario cósmico. Teorías de Aristarco y Ptolomeo. Copérnico. Brahe, Kepler. Expansión del universo. Monte Palomar. Hubble. Univ.homogéneo e isótropo. Posible contracción. U.abierto y cerrado. Expectativas de vida cósmica. 
538 |a Soporte: VHS - Norma: Pal N - Color - Grabación DRD 1993 - Hitachi=1318 
082 5 2 |/ NAS-2 
653 |a ASTRONOMIA 
653 |a ASTROFISICA 
653 |a UNIVERSO 
653 |a CALENDARIO COSMICO 
653 |a ARISTARCO 
653 |a PTOLOMEO 
653 |a COPERNICO 
653 |a BRAHE 
653 |a KEPPLER 
653 |a HUBBLE 
653 |a MONTE PALOMAR 
653 |a VIDA COSMICA 
653 |a NIVEL SECUNDARIO 
859 |a CEMS  |b BIB. CEMS - Depto. Recursos Didacticos  |h 520  |i NAS-2  |k DRD  |p 637.12  |t Ej.1